<?xml version="1.0" encoding="UTF-8"?>
<record
    xmlns:xsi="http://www.w3.org/2001/XMLSchema-instance"
    xsi:schemaLocation="http://www.loc.gov/MARC21/slim http://www.loc.gov/standards/marcxml/schema/MARC21slim.xsd"
    xmlns="http://www.loc.gov/MARC21/slim">

  <leader>01919nam a2200277 i 4500</leader>
  <controlfield tag="003">DO-SdBNP</controlfield>
  <controlfield tag="005">20250701135406.0</controlfield>
  <controlfield tag="007">ta</controlfield>
  <controlfield tag="008">250319t1998    dr            000 0 spa d</controlfield>
  <datafield tag="040" ind1=" " ind2=" ">
    <subfield code="a">DO-SdBNP</subfield>
    <subfield code="b">spa</subfield>
    <subfield code="c">BNPHU</subfield>
    <subfield code="e">rda</subfield>
  </datafield>
  <datafield tag="082" ind1=" " ind2=" ">
    <subfield code="a">615.11</subfield>
    <subfield code="b">G943f</subfield>
    <subfield code="2">22</subfield>
  </datafield>
  <datafield tag="245" ind1="0" ind2="0">
    <subfield code="a">Gu&#xED;a farmacoterap&#xE9;utica de medicamentos esenciales de la Rep&#xFA;blica Dominicana /</subfield>
  </datafield>
  <datafield tag="264" ind1=" " ind2=" ">
    <subfield code="a">Santo Domingo :</subfield>
    <subfield code="b">Editora Taller,</subfield>
    <subfield code="c">1998.</subfield>
  </datafield>
  <datafield tag="300" ind1=" " ind2=" ">
    <subfield code="a">xxvii, 498 p&#xE1;ginas</subfield>
    <subfield code="c">21 cm.</subfield>
  </datafield>
  <datafield tag="336" ind1=" " ind2=" ">
    <subfield code="a">texto</subfield>
    <subfield code="b">txt</subfield>
    <subfield code="2">rdacontent</subfield>
  </datafield>
  <datafield tag="337" ind1=" " ind2=" ">
    <subfield code="a">sin mediaci&#xF3;n</subfield>
    <subfield code="b">n</subfield>
    <subfield code="2">rdamedia</subfield>
  </datafield>
  <datafield tag="338" ind1=" " ind2=" ">
    <subfield code="a">volumen</subfield>
    <subfield code="b">nc</subfield>
    <subfield code="2">rdacarrier</subfield>
  </datafield>
  <datafield tag="504" ind1=" " ind2=" ">
    <subfield code="a">Bibliograf&#xED;a p: 495-498.</subfield>
  </datafield>
  <datafield tag="505" ind1="2" ind2=" ">
    <subfield code="t">Anest&#xE9;sicos generales y locales. Bloqueantes neuromusculares -- </subfield>
    <subfield code="t">Analg&#xE9;sicos, antipir&#xE9;ticos, antiinflamatorios no esteroideos y antigotosos -- </subfield>
    <subfield code="t">Antial&#xE9;rgicos, antagonistas H1 de la histamina -- </subfield>
    <subfield code="t">Ant&#xED;dotos antagonistas para tratamientos espec&#xED;ficos en intoxicaciones -- </subfield>
    <subfield code="t">Antiepil&#xE9;pticos, anticonvulsivos -- </subfield>
    <subfield code="t">Antibi&#xF3;ticos, antiinfecciosos -- </subfield>
    <subfield code="t">Antimigra&#xF1;osos. Antagonistas de la serotonina -- </subfield>
    <subfield code="t">Antineopl&#xE1;sicos y agente inmunosupresores -- </subfield>
    <subfield code="t">Antiparkinsonianos -- </subfield>
    <subfield code="t">Antian&#xE9;micos. Anticoagulantes y fracci&#xF3;n plasm&#xE1;tica -- </subfield>
    <subfield code="t">Cardiovasculares -- </subfield>
    <subfield code="t">Dermatol&#xF3;gicos -- </subfield>
    <subfield code="t">Diagn&#xF3;stico, agentes -- </subfield>
    <subfield code="t">Diur&#xE9;ticos -- </subfield>
    <subfield code="t">Digestivo, aparato -- </subfield>
    <subfield code="t">Hormonas, medicamentos endocrinos y contraceptivos -- </subfield>
    <subfield code="t">Inmunol&#xF3;gicos -- </subfield>
    <subfield code="t">Inhibidores de la colinesterasa -- </subfield>
    <subfield code="t">Preparaciones oftalmol&#xF3;gicas -- </subfield>
    <subfield code="t">Oxit&#xF3;cicos y antioxit&#xF3;cicos -- </subfield>
    <subfield code="t">Soluciones para di&#xE1;lisis peritoneal -- </subfield>
    <subfield code="t">Psicoter&#xE1;pias: antipsic&#xF3;ticos y antidepresivos -- </subfield>
    <subfield code="t">Medicamentos respiratorios -- </subfield>
    <subfield code="t">Trastornos h&#xED;dricos. Soluciones electrol&#xED;ticas y &#xE1;cido b&#xE1;sicas -- </subfield>
    <subfield code="t">Vitaminas y minerales /</subfield>
  </datafield>
  <datafield tag="590" ind1=" " ind2=" ">
    <subfield code="a">Inventariado, 2025/ YL</subfield>
  </datafield>
  <datafield tag="650" ind1=" " ind2="0">
    <subfield code="a">Proyectos de desarrollo econ&#xF3;mico </subfield>
    <subfield code="9">6643</subfield>
  </datafield>
  <datafield tag="650" ind1=" " ind2="0">
    <subfield code="a">Farmacolog&#xED;a</subfield>
    <subfield code="9">87237</subfield>
  </datafield>
  <datafield tag="650" ind1=" " ind2="0">
    <subfield code="a">Medicamentos esenciales</subfield>
    <subfield code="9">87242</subfield>
  </datafield>
  <datafield tag="910" ind1=" " ind2=" ">
    <subfield code="a">YLockward</subfield>
  </datafield>
  <datafield tag="942" ind1=" " ind2=" ">
    <subfield code="2">ddc</subfield>
    <subfield code="c">LBS1</subfield>
  </datafield>
  <datafield tag="952" ind1=" " ind2=" ">
    <subfield code="0">0</subfield>
    <subfield code="1">0</subfield>
    <subfield code="2">ddc</subfield>
    <subfield code="5">1</subfield>
    <subfield code="7">0</subfield>
    <subfield code="8">PD</subfield>
    <subfield code="a">BNPHU</subfield>
    <subfield code="b">BNPHU</subfield>
    <subfield code="c">CT</subfield>
    <subfield code="d">2024-07-18</subfield>
    <subfield code="e">Donado por Claro Dominicana</subfield>
    <subfield code="l">0</subfield>
    <subfield code="o">BNPHU PD 615.11 G943f</subfield>
    <subfield code="p">2025-1998</subfield>
    <subfield code="r">2025-03-19</subfield>
    <subfield code="w">2025-03-19</subfield>
    <subfield code="y">LBS1</subfield>
  </datafield>
  <datafield tag="999" ind1=" " ind2=" ">
    <subfield code="c">58472</subfield>
    <subfield code="d">58472</subfield>
  </datafield>
</record>
